00277nam a2200109Ia 4500008004100000100001500041245003700056250000800093260004700101300000900148650001000157191201s2015 xx 000 0 und d aSAXENA,S C 0aText Book of Railway Engineering a8th c2015bDhanpat Rai Pubns (P) LtdaNew Delhi aMisc aCIVIL